000 00501nam a2200181Ia 4500
001 13529
005 20260306164807.0
008 260306t2014||||xx |||||||||||||| ||spa||
041 _aESP
082 _a004.6
_bK419
100 _aKavis, Michael J.
_eAUT
245 0 _aArchitecting the cloud:
_bdesign decisions for cloud computing service models (SaaS, PaaS, and laaS)
260 _c2014
300 _axvii, 199 páginas :
_c24 cm.
650 _aGEN
654 _aCCC
942 _cLIB
_dJUS
_fJUS
_2ddc
_n
999 _c13529
_d13529